MARC

LEADER 00000nam0a2200000 4500
001 234581
005 20231101231332.0
035 |a (RuTPU)RU\TPU\book\255705 
090 |a 234581 
100 |a 20130326d1863 m y0rusy50 ca 
101 1 |a rus  |c ger 
102 |a RU 
105 |a y z 000zy 
200 1 |a Геологические этюды  |e сочинение  |h в 2 ч.  |f Г. Бурмейстер 
210 |a Санкт-Петербург  |c Издание Товарищества "Общественная польза"  |d 1963 
215 |a 359 с. 
606 1 |a Геология  |2 stltpush  |3 (RuTPU)RU\TPU\subj\6095  |9 34054 
610 1 |a земная кора 
610 1 |a палеонтология 
610 1 |a животные 
610 1 |a природа 
610 1 |a история 
610 1 |a естествознание 
610 1 |a мироздание 
675 |a 55(09)  |v 3 
700 1 |a Бурмейстер  |b Г. 
801 1 |a RU  |b 63413507  |c 20130326 
801 2 |a RU  |b 63413507  |c 20130910  |g RCR 
942 |c BK